<?xml version="1.0" encoding="UTF-8"?>
<record
    xmlns:xsi="http://www.w3.org/2001/XMLSchema-instance"
    xsi:schemaLocation="http://www.loc.gov/MARC21/slim http://www.loc.gov/standards/marcxml/schema/MARC21slim.xsd"
    xmlns="http://www.loc.gov/MARC21/slim">

  <leader>02492nam a22003255i 4500</leader>
  <controlfield tag="001">24217518</controlfield>
  <controlfield tag="005">20260514175256.0</controlfield>
  <controlfield tag="008">250523s2025    nyu           000 0 eng  </controlfield>
  <datafield tag="010" ind1=" " ind2=" ">
    <subfield code="a">  2025939485</subfield>
  </datafield>
  <datafield tag="020" ind1=" " ind2=" ">
    <subfield code="a">9781959029717</subfield>
    <subfield code="q">(paperback)</subfield>
  </datafield>
  <datafield tag="020" ind1=" " ind2=" ">
    <subfield code="z">9781959029397</subfield>
    <subfield code="q">(ebook)</subfield>
  </datafield>
  <datafield tag="035" ind1=" " ind2=" ">
    <subfield code="a">24217518</subfield>
  </datafield>
  <datafield tag="040" ind1=" " ind2=" ">
    <subfield code="a">DLC</subfield>
    <subfield code="b">eng</subfield>
    <subfield code="e">rda</subfield>
    <subfield code="c">DLC</subfield>
  </datafield>
  <datafield tag="041" ind1=" " ind2=" ">
    <subfield code="a">English</subfield>
  </datafield>
  <datafield tag="042" ind1=" " ind2=" ">
    <subfield code="a">pcc</subfield>
  </datafield>
  <datafield tag="100" ind1=" " ind2=" ">
    <subfield code="a">Platz, Cheryl,</subfield>
    <subfield code="e">author.</subfield>
    <subfield code="9">27072</subfield>
  </datafield>
  <datafield tag="245" ind1="1" ind2="4">
    <subfield code="a">The game development strategy guide </subfield>
    <subfield code="b">: crafting modern video games that thrive </subfield>
    <subfield code="c">/ Cheryl Platz.</subfield>
  </datafield>
  <datafield tag="264" ind1=" " ind2="1">
    <subfield code="a">New York :</subfield>
    <subfield code="b">Rosenfeld Media,</subfield>
    <subfield code="c">2025.</subfield>
  </datafield>
  <datafield tag="505" ind1=" " ind2=" ">
    <subfield code="a">How to Use This Book &#x2014; Frequently Asked Questions &#x2014; Contents &#x2014; Foreword &#x2014; Introduction &#x2014; Player Select: Expert Interviews &#x2014; What Makes Us Play &#x2014; The Living Business of Games &#x2014; Putting the Dev in Game Development &#x2014; Game Designer&#x2019;s Toolkit &#x2014; Game Experience Design in Practice &#x2014; The Why of Multiplayer &#x2014; Engaging Players over Time &#x2014; Creating Immersive Worlds &#x2014; From Emergence to Prosocial Gaming &#x2014; The Money Game &#x2014; Efficient and Ethical Economies &#x2014; Gaming Technology Platforms &#x2014; The Good and Bad of Game Dev Processes &#x2014; Let the Right Ideas Win &#x2014; Failure to Thrive &#x2014; Epilogue: The Final Boss.</subfield>
  </datafield>
  <datafield tag="520" ind1=" " ind2=" ">
    <subfield code="a">"The video game industry has grown to become a darling of the entertainment industry, with $184 billion of revenue in 2023. But that expansion has increased competition exponentially, and today's game developers face a tougher struggle than ever before to differentiate their titles before a market full of algorithmic recommendations swallows them whole. Enduring Play invites both industry veterans and aspiring game developers and designers to level up their game development craft to this newest normal. Explore the modern game development process holistically to gain new understanding about how the most successful games are made. No stone is left unturned - from process, roles, and market concepts like live service games and monetization to basic game design principles and UX design best practices"--</subfield>
    <subfield code="c">Provided by publisher.</subfield>
  </datafield>
  <datafield tag="650" ind1=" " ind2="0">
    <subfield code="a">Video games&#x2014;Design</subfield>
    <subfield code="9">27075</subfield>
  </datafield>
  <datafield tag="650" ind1=" " ind2="0">
    <subfield code="a">Gamification</subfield>
    <subfield code="9">10465</subfield>
  </datafield>
  <datafield tag="650" ind1=" " ind2="0">
    <subfield code="a">User-centered system design.</subfield>
    <subfield code="9">25395</subfield>
  </datafield>
  <datafield tag="650" ind1=" " ind2="0">
    <subfield code="a">Online games&#x2014;Social aspects</subfield>
    <subfield code="9">27080</subfield>
  </datafield>
  <datafield tag="650" ind1=" " ind2="0">
    <subfield code="a">Creative ability in business</subfield>
    <subfield code="9">4129</subfield>
  </datafield>
  <datafield tag="650" ind1=" " ind2="0">
    <subfield code="a">Video games&#x2014;Programming</subfield>
    <subfield code="9">27076</subfield>
  </datafield>
  <datafield tag="650" ind1=" " ind2="0">
    <subfield code="a">Interactive multimedia&#x2014;Design</subfield>
    <subfield code="9">27079</subfield>
  </datafield>
  <datafield tag="650" ind1=" " ind2="0">
    <subfield code="a">Computer games&#x2014;Design</subfield>
    <subfield code="9">27077</subfield>
  </datafield>
  <datafield tag="942" ind1=" " ind2=" ">
    <subfield code="2">lcc</subfield>
  </datafield>
  <datafield tag="952" ind1=" " ind2=" ">
    <subfield code="0">0</subfield>
    <subfield code="1">0</subfield>
    <subfield code="2">lcc</subfield>
    <subfield code="4">0</subfield>
    <subfield code="7">0</subfield>
    <subfield code="a">TBS</subfield>
    <subfield code="b">TBS</subfield>
    <subfield code="d">2026-05-14</subfield>
    <subfield code="l">0</subfield>
    <subfield code="o">GV1469.3 PLA</subfield>
    <subfield code="r">2026-05-14</subfield>
    <subfield code="t">1</subfield>
    <subfield code="w">2026-05-14</subfield>
    <subfield code="y">1</subfield>
    <subfield code="z">SOON AVAILABLE</subfield>
  </datafield>
  <datafield tag="999" ind1=" " ind2=" ">
    <subfield code="c">5467</subfield>
    <subfield code="d">5467</subfield>
  </datafield>
</record>
